[Event "Mittelfrank Regionalliga Nord-West 2223"]
[Site "Mittelfranken"]
[Date "2023.01.15"]
[Round "5.1"]
[White "Ostermeyer, Peter"]
[Black "Heidel, Andre Nicolas"]
[Result "1-0"]
[WhiteElo "2279"]
[BlackElo "2074"]
[PlyCount "61"]
[EventDate "2022.10.09"]
[EventType "team-tourn"]
[EventRounds "9"]
[EventCountry "GER"]
[SourceTitle "EXT 2024"]
[Source "ChessBase"]
[SourceDate "2023.10.10"]
[SourceVersion "1"]
[SourceVersionDate "2023.10.10"]
[SourceQuality "1"]
[WhiteTeam "Rottendorf"]
[BlackTeam "Aschaffenburg"]
[WhiteTeamCountry "GER"]
[BlackTeamCountry "GER"]

1. e4 e6 2. d4 d5 3. Nc3 Bb4 4. exd5 exd5 5. Bd3 Nc6 6. a3 Bxc3+ 7. bxc3 Qe7+ 8. Ne2 Bg4 9. 0-0 0-0-0 10. f3 Be6 11. Nf4 Qd7 12. Nxe6 Qxe6 13. Bf4 Nge7 14. Re1 Qf6 15. Qd2 h6 16. Re2 Ng6 17. Bxg6 Qxg6 18. Rae1 Qf5 19. Bg3 g5 20. Qd3 Qd7 21. f4 Rde8 22. Rxe8+ Rxe8 23. Rxe8+ Qxe8 24. fxg5 hxg5 25. Qf5+ Qe6 26. Qxg5 f6 27. Qf4 Qd7 28. h4 Nd8 29. h5 Qh7 30. h6 f5 31. Qe5 1-0

[Event "Mittelfrank Regionalliga Nord-West 2223"]
[Site "Mittelfranken"]
[Date "2022.12.11"]
[Round "4.1"]
[White "Heidel, Andre Nicolas"]
[Black "Strahl, Christian"]
[Result "1/2-1/2"]
[WhiteElo "2074"]
[BlackElo "1967"]
[PlyCount "168"]
[EventDate "2022.10.09"]
[EventType "team-tourn"]
[EventRounds "9"]
[EventCountry "GER"]
[SourceTitle "EXT 2024"]
[Source "ChessBase"]
[SourceDate "2023.10.10"]
[SourceVersion "1"]
[SourceVersionDate "2023.10.10"]
[SourceQuality "1"]
[WhiteTeam "Aschaffenburg"]
[BlackTeam "Marktleuthen"]
[WhiteTeamCountry "GER"]
[BlackTeamCountry "GER"]

1. d4 Nf6 2. c4 c5 3. d5 b5 4. cxb5 a6 5. bxa6 g6 6. Nc3 Bg7 7. e4 0-0 8. e5 Ne8 9. Nf3 d6 10. exd6 Nxd6 11. Be2 Nxa6 12. 0-0 Bb7 13. Qd2 Nb4 14. Rd1 Qb6 15. a3 c4 16. Rb1 Na6 17. Qc2 Nc5 18. Be3 Bc8 19. Na4 Qb3 20. Qxb3 Nxb3 21. Nb6 Bf5 22. Nxa8 Rxa8 23. Re1 Ra5 24. Bf4 Bxb1 25. Rxb1 Rc5 26. Be5 Bxe5 27. Nxe5 Nd2 28. Rc1 Rxd5 29. f4 Rd4 30. Rc2 Kf8 31. g3 Ke8 32. Kf2 f6 33. Nf3 Nxf3 34. Kxf3 Kd7 35. Ke3 Nf5+ 36. Kf2 Nd6 37. Bf3 Rd3 38. Ke2 Rb3 39. Bd5 e6 40. Bg2 Kc7 41. Kd1 Kd7 42. Kc1 Re3 43. Rd2 c3 44. bxc3 Rxc3+ 45. Kb2 Re3 46. a4 e5 47. fxe5 fxe5 48. Bd5 Kc7 49. Rc2+ Kb8 50. Rc6 Nc8 51. Rc3 Re2+ 52. Rc2 Re3 53. a5 Ne7 54. Bc4 Nc8 55. Rf2 Nd6 56. Bd5 Rd3 57. Bb3 Kb7 58. Kc2 Rd4 59. Rf8 e4 60. Kc3 Nb5+ 61. Kc2 Nd6 62. Rf2 Ka6 63. Rd2 Rxd2+ 64. Kxd2 Nf5 65. Bg8 h6 66. Bh7 Ne7 67. Ke3 Nd5+ 68. Kd4 Kxa5 69. Bxg6 e3 70. Bd3 Nf6 71. Be2 Kb6 72. Kxe3 Kc7 73. Kf4 Kd6 74. Kf5 Ke7 75. Kg6 Ne4 76. Kxh6 Kf7 77. g4 Kg8 78. h4 Nf6 79. g5 Ne8 80. h5 Nd6 81. g6 Nf5+ 82. Kg5 Ne7 83. Bc4+ Kh8 84. Kf6 Nxg6 1/2-1/2

[Event "Arco op 41st"]
[Site "Arco"]
[Date "2019.10.07"]
[Round "4"]
[White "Welling, Gerard J"]
[Black "Heidel, Andre Nicolas"]
[Result "0-1"]
[WhiteElo "2301"]
[BlackElo "2140"]
[PlyCount "46"]
[EventDate "2019.10.04"]
[EventType "swiss"]
[EventRounds "9"]
[EventCountry "ITA"]
[SourceTitle "EXT 2020"]
[Source "ChessBase"]
[SourceDate "2019.10.17"]
[SourceVersion "1"]
[SourceVersionDate "2019.10.17"]
[SourceQuality "1"]

1. e3 d5 2. c4 Nf6 3. Nf3 g6 4. d4 Bg7 5. Nc3 0-0 6. Bd2 c5 7. dxc5 Na6 8. cxd5 Nxc5 9. Bc4 a6 10. b4 Nce4 11. Nxe4 Nxe4 12. Rc1 b5 13. Bb3 Bb7 14. Qc2 Bxd5 15. Bxd5 Qxd5 16. 0-0 Qe6 17. Rfd1 Rac8 18. Qb1 Rc4 19. Be1 Rfc8 20. a3 Bc3 21. Rd3 Qf5 22. Nd4 Bxe1 23. Nxf5 Bxf2+ 0-1

[Event "Landesliga Nord 1314"]
[Site "Bayern"]
[Date "2014.02.09"]
[Round "6.6"]
[White "Maurer, Heinrich"]
[Black "Heidel, Andre Nicolas"]
[Result "0-1"]
[WhiteElo "2115"]
[BlackElo "2163"]
[PlyCount "172"]
[EventDate "2013.10.13"]
[EventType "team"]
[EventRounds "9"]
[EventCountry "GER"]
[SourceTitle "EXT 2015"]
[Source "ChessBase"]
[SourceDate "2014.11.20"]
[SourceVersion "1"]
[SourceVersionDate "2014.11.20"]
[SourceQuality "1"]
[WhiteTeam "Kelheim"]
[BlackTeam "Obernau"]
[WhiteTeamCountry "GER"]
[BlackTeamCountry "GER"]

1. e4 e6 2. d4 d5 3. Nc3 Nf6 4. Bg5 Be7 5. e5 Nfd7 6. Bxe7 Qxe7 7. Nf3 a6 8. Bd3 c5 9. dxc5 Nc6 10. Qe2 Qxc5 11. 0-0 b5 12. Rfe1 Nb6 13. Qd2 h6 14. b3 b4 15. Ne2 Bd7 16. Rac1 a5 17. Qf4 0-0 18. Qg3 f5 19. exf6 Rxf6 20. Nf4 g5 21. Nh5 Rf7 22. h4 Nd4 23. hxg5 Nxf3+ 24. gxf3 hxg5 25. Re5 Kf8 26. Rxg5 Ke7 27. Nf4 Rc8 28. Ng6+ Kd8 29. Ne5 Rf8 30. Rg7 Rc7 31. Kg2 Be8 32. Qg5+ Kc8 33. Ba6+ Kb8 34. Qd8+ Nc8 35. Rxc7 Qxc7 36. Qxc7+ Kxc7 37. Bxc8 Rg8+ 38. Kf1 Bb5+ 39. Ke1 Rxc8 40. Kd2 Kd6 41. Re1 Rf8 42. Re3 Rf5 43. Nd3 e5 44. Ne1 Rh5 45. f4 exf4 46. Rf3 Ke5 47. Nd3+ Bxd3 48. Rxd3 Rh1 49. Rf3 Rf1 50. Ke2 Ra1 51. Rh3 Kd4 52. Rd3+ Ke4 53. f3+ Ke5 54. Rd1 Rxa2 55. Kd3 a4 56. Re1+ Kd6 57. bxa4 Rxa4 58. Re8 Ra3+ 59. Kd4 Rxf3 60. Rd8+ Kc6 61. Rc8+ Kd6 62. Rd8+ Ke6 63. Rxd5 Rf2 64. Rb5 Rxc2 65. Rxb4 Kf5 66. Kd3 Ra2 67. Rb8 Kg4 68. Rg8+ Kf3 69. Rf8 Kg3 70. Rf7 f3 71. Ke3 Re2+ 72. Kd3 Re8 73. Kd2 Kf2 74. Rf6 Rd8+ 75. Kc2 Ke2 76. Re6+ Kf1 77. Rg6 f2 78. Rg7 Re8 79. Kd1 Rd8+ 80. Kc2 Rd5 81. Rg8 Ke2 82. Re8+ Kf3 83. Rf8+ Kg3 84. Rf7 Rg5 85. Kd2 Kg2 86. Ke2 Re5+ 0-1

[Event "Landesliga Nord 1314"]
[Site "Bayern"]
[Date "2014.01.19"]
[Round "5.5"]
[White "Zuehlke, Burkhard"]
[Black "Heidel, Andre Nicolas"]
[Result "0-1"]
[WhiteElo "2087"]
[BlackElo "2163"]
[PlyCount "58"]
[EventDate "2013.10.13"]
[EventType "team"]
[EventRounds "9"]
[EventCountry "GER"]
[SourceTitle "EXT 2015"]
[Source "ChessBase"]
[SourceDate "2014.11.20"]
[SourceVersion "1"]
[SourceVersionDate "2014.11.20"]
[SourceQuality "1"]
[WhiteTeam "Zirndorf"]
[BlackTeam "Obernau"]
[WhiteTeamCountry "GER"]
[BlackTeamCountry "GER"]

1. d4 d5 2. c4 c6 3. Nf3 Nf6 4. e3 Bf5 5. Nc3 e6 6. Nh4 Bg6 7. Qb3 Qb6 8. Nxg6 hxg6 9. c5 Qc7 10. Bd2 Nbd7 11. f4 Be7 12. Bd3 Ng4 13. Be2 Bh4+ 14. Kf1 Nf2 15. Rg1 Ne4 16. Nxe4 dxe4 17. Qc2 f5 18. Bc4 Kf7 19. g4 Nf6 20. g5 Nd5 21. Bxd5 exd5 22. Rg2 Rh5 23. Rb1 Rah8 24. Bc3 Bxg5 25. fxg5 Rxh2 26. Kg1 Rh1+ 27. Kf2 f4 28. Rxh1 Rxh1 29. Qb3 f3 0-1

[Event "Landesliga Nord 1314"]
[Site "Bayern"]
[Date "2013.11.24"]
[Round "3.4"]
[White "Heidel, Andre Nicolas"]
[Black "Strobel, Walter"]
[Result "1/2-1/2"]
[WhiteElo "2163"]
[BlackElo "2275"]
[PlyCount "84"]
[EventDate "2013.10.13"]
[EventType "team"]
[EventRounds "9"]
[EventCountry "GER"]
[SourceTitle "EXT 2015"]
[Source "ChessBase"]
[SourceDate "2014.11.20"]
[SourceVersion "1"]
[SourceVersionDate "2014.11.20"]
[SourceQuality "1"]
[WhiteTeam "Obernau"]
[BlackTeam "Klingenberg/Main"]
[WhiteTeamCountry "GER"]
[BlackTeamCountry "GER"]

1. d4 d5 2. Nf3 c6 3. c4 Nf6 4. e3 e6 5. b3 Nbd7 6. Bd3 Be7 7. 0-0 0-0 8. Nbd2 b6 9. e4 dxe4 10. Nxe4 Bb7 11. Bb2 c5 12. Ng3 Qc7 13. Re1 cxd4 14. Nxd4 Rfd8 15. Qe2 Bb4 16. Red1 Bc5 17. Rac1 Qf4 18. Qd2 Qxd2 19. Rxd2 Ne5 20. Bc2 Neg4 21. Rcd1 Bb4 22. Re2 e5 23. Ndf5 Rxd1+ 24. Bxd1 Rd8 25. Bc2 g6 26. h3 gxf5 27. hxg4 Nxg4 28. Bxf5 h5 29. Bxg4 hxg4 30. Bxe5 Kh7 31. a3 Bxa3 32. Ra2 Rd1+ 33. Kh2 Bc5 34. Rxa7 Bxf2 35. Ne2 Rd7 36. Bg3 Be3 37. Nf4 b5 38. Nd5 Rxd5 39. Rxb7 Rh5+ 40. Bh4 bxc4 41. Kg3 cxb3 42. Kxg4 Kg6 1/2-1/2

[Event "Landesliga Nord 1112"]
[Site "Bayern"]
[Date "2012.04.15"]
[Round "9.6"]
[White "Heidel, Andre Nicolas"]
[Black "Eiber, Manfred"]
[Result "1-0"]
[WhiteElo "2134"]
[BlackElo "2124"]
[PlyCount "139"]
[EventDate "2011.10.02"]
[EventType "team-tourn"]
[EventRounds "9"]
[EventCountry "GER"]
[SourceTitle "EXT 2015"]
[Source "ChessBase"]
[SourceDate "2014.11.20"]
[SourceVersion "1"]
[SourceVersionDate "2014.11.20"]
[SourceQuality "1"]
[WhiteTeam "Obernau"]
[BlackTeam "Nuernberg Sued SW"]
[WhiteTeamCountry "GER"]
[BlackTeamCountry "GER"]

1. d4 Nf6 2. c4 e6 3. Nf3 b6 4. g3 Bb7 5. Bg2 Bb4+ 6. Nbd2 0-0 7. 0-0 Be7 8. b3 a5 9. Bb2 Ne4 10. Qc2 Nxd2 11. Nxd2 Bxg2 12. Kxg2 f5 13. e4 f4 14. Rad1 Qe8 15. f3 Qg6 16. Rf2 Na6 17. a3 h5 18. Nf1 Rf7 19. e5 Rf5 20. Kh1 Qf7 21. Rd3 Rf8 22. Bc1 fxg3 23. Nxg3 Bh4 24. Nxf5 Bxf2 25. Nh6+ gxh6 26. Qxf2 Kh7 27. Qe3 Qg6 28. Rd1 Rg8 29. Rg1 Qxg1+ 30. Qxg1 Rxg1+ 31. Kxg1 Nb8 32. Kf2 Nc6 33. Ke3 Ne7 34. Ke4 Kg6 35. Bd2 Nf5 36. Be1 Kf7 37. d5 Ke8 38. Bf2 Kd8 39. a4 Kc8 40. c5 bxc5 41. Bxc5 Kb7 42. Bf2 Ne7 43. dxe6 dxe6 44. Kd3 Kc6 45. Be1 Kb6 46. Kc4 Nf5 47. Bf2+ Kc6 48. b4 axb4 49. Kxb4 Ne7 50. Kc4 Ng6 51. Kd4 Kb6 52. Be1 c5+ 53. Ke4 Ne7 54. Kd3 Ng6 55. Bc3 Nh4 56. f4 Nf5 57. Bd2 Kc6 58. Ba5 Kd5 59. Bb6 Nd4 60. a5 Nb5 61. a6 c4+ 62. Ke3 Kc6 63. a7 Kb7 64. f5 exf5 65. e6 f4+ 66. Kxf4 Nd6 67. Be3 c3 68. e7 c2 69. Ke5 Ne8 70. Ke6 1-0

[Event "Landesliga Nord 1112"]
[Site "Bayern"]
[Date "2012.01.15"]
[Round "5.4"]
[White "Heidel, Andre Nicolas"]
[Black "Kotz, Reinhard"]
[Result "1-0"]
[WhiteElo "2134"]
[BlackElo "2118"]
[PlyCount "81"]
[EventDate "2011.10.02"]
[EventType "team-tourn"]
[EventRounds "9"]
[EventCountry "GER"]
[SourceTitle "EXT 2013"]
[Source "ChessBase"]
[SourceDate "2012.11.22"]
[SourceVersion "1"]
[SourceVersionDate "2012.11.22"]
[SourceQuality "1"]
[WhiteTeam "Obernau"]
[BlackTeam "Puschendorf"]
[WhiteTeamCountry "GER"]
[BlackTeamCountry "GER"]

1. d4 Nf6 2. c4 c5 3. d5 b5 4. cxb5 a6 5. bxa6 d6 6. Nc3 Bxa6 7. Nf3 g6 8. g3 Bg7 9. Bg2 0-0 10. 0-0 Nbd7 11. Qc2 Nb6 12. Rd1 Bb7 13. e4 Qd7 14. Rb1 Na4 15. Ne2 Ba6 16. e5 Ng4 17. e6 fxe6 18. dxe6 Qxe6 19. Nf4 Qf5 20. Qxf5 gxf5 21. Ng5 Rab8 22. Bd5+ Kh8 23. Bb3 Nb6 24. Nge6 Bd4 25. Nxd4 cxd4 26. Ne6 Rfc8 27. Nxd4 e5 28. Nxf5 Rf8 29. Nxd6 Nxf2 30. Bh6 Nxd1 31. Rxd1 Rf6 32. Nf7+ Kg8 33. Nxe5+ Kh8 34. Nf7+ Kg8 35. Bf4 Re8 36. Nd6+ Ree6 37. Ne4 Kf8 38. Nxf6 Rxf6 39. Rd6 Ke7 40. Rxf6 Kxf6 41. Bc2 1-0

[Event "Paderborn op 08th"]
[Site "Paderborn"]
[Date "2011.12.29"]
[Round "6"]
[White "Meijers, Viesturs"]
[Black "Heidel, Andre Nicolas"]
[Result "1-0"]
[WhiteElo "2478"]
[BlackElo "2155"]
[PlyCount "53"]
[EventDate "2011.12.27"]
[EventType "swiss"]
[EventRounds "7"]
[EventCountry "GER"]
[SourceTitle "CBM 146 Extra"]
[Source "ChessBase"]
[SourceDate "2012.02.29"]
[SourceVersion "1"]
[SourceVersionDate "2012.02.29"]
[SourceQuality "1"]

1. d4 d5 2. e3 Nf6 3. Bd3 g6 4. Nf3 Bg7 5. b3 c5 6. 0-0 cxd4 7. exd4 0-0 8. Bb2 Nc6 9. a3 Bf5 10. c4 Bxd3 11. Qxd3 e6 12. c5 Ne4 13. b4 a6 14. Nc3 Nxc3 15. Bxc3 Re8 16. Rfe1 Qc7 17. a4 e5 18. dxe5 Nxe5 19. Qxd5 Rad8 20. Qe4 f5 21. Bxe5 Rxe5 22. Qc4+ Red5 23. Rad1 Qf7 24. Ng5 Qd7 25. Rd3 Kf8 26. Nxh7+ Kf7 27. Red1 1-0

[Event "Bayern-chI Bank Hofmann 15th"]
[Site "Bad Wiessee"]
[Date "2011.11.05"]
[Round "8"]
[White "Heidel, Andre Nicolas"]
[Black "Carlstedt, Jonathan"]
[Result "0-1"]
[WhiteElo "2155"]
[BlackElo "2326"]
[PlyCount "54"]
[EventDate "2011.10.29"]
[EventType "swiss"]
[EventRounds "9"]
[EventCountry "GER"]
[SourceTitle "EXT 2012"]
[Source "ChessBase"]
[SourceDate "2011.11.24"]
[SourceVersion "1"]
[SourceVersionDate "2011.11.24"]
[SourceQuality "1"]

1. d4 d5 2. c4 e6 3. Nf3 c5 4. cxd5 exd5 5. g3 Nf6 6. Bg2 Be7 7. 0-0 0-0 8. dxc5 Bxc5 9. Bg5 Nc6 10. Nc3 d4 11. Bxf6 Qxf6 12. Nd5 Qf5 13. Nh4 Qe5 14. Rc1 Bd6 15. e3 dxe3 16. Nxe3 Be7 17. Nc4 Qb5 18. Nf3 Be6 19. b3 Rad8 20. Qe2 Rfe8 21. Rfd1 Bd5 22. Qf1 Qa6 23. Rc2 Bxf3 24. Bxf3 Nd4 25. Rc3 Bb4 26. Rcd3 Nxf3+ 27. Kg2 Rxd3 0-1

[Event "Bayern-chI Bank Hofmann 15th"]
[Site "Bad Wiessee"]
[Date "2011.10.30"]
[Round "2"]
[White "Heidel, Andre Nicolas"]
[Black "Ernst, Sipke"]
[Result "0-1"]
[WhiteElo "2155"]
[BlackElo "2581"]
[PlyCount "70"]
[EventDate "2011.10.29"]
[EventType "swiss"]
[EventRounds "9"]
[EventCountry "GER"]
[SourceTitle "EXT 2012"]
[Source "ChessBase"]
[SourceDate "2011.11.24"]
[SourceVersion "1"]
[SourceVersionDate "2011.11.24"]
[SourceQuality "1"]

1. d4 d5 2. c4 e6 3. Nf3 Nf6 4. g3 dxc4 5. Bg2 Be7 6. Na3 Bxa3 7. bxa3 0-0 8. Qa4 Qd5 9. 0-0 Bd7 10. Qc2 Bc6 11. Bf4 Nbd7 12. Rac1 Qa5 13. Qxc4 Qxa3 14. Ne5 Nb6 15. Qd3 Qxd3 16. Nxd3 Nfd5 17. Bd2 Bb5 18. Nc5 Nc4 19. Bf4 Na5 20. Bd2 Nc6 21. Bxd5 exd5 22. Nxb7 Nxd4 23. Rxc7 Bxe2 24. Bb4 Nf3+ 25. Kg2 Bxf1+ 26. Kxf1 Rfc8 27. Rd7 Nxh2+ 28. Kg2 Ng4 29. Rxd5 Rc2 30. Rd4 Rxf2+ 31. Kg1 h5 32. a3 Rf3 33. Kg2 Rb3 34. Rd2 Ne3+ 35. Kf2 Nc4 0-1

[Event "Frankfurt-ch"]
[Site "Frankfurt"]
[Date "2011.05.30"]
[Round "5"]
[White "Heidel, Andre Nicolas"]
[Black "Faqiry, Ramat"]
[Result "1-0"]
[WhiteElo "2170"]
[BlackElo "1977"]
[PlyCount "111"]
[EventDate "2011.05.02"]
[EventType "swiss"]
[EventRounds "7"]
[EventCountry "GER"]
[SourceTitle "EXT 2012"]
[Source "ChessBase"]
[SourceDate "2011.11.24"]
[SourceVersion "1"]
[SourceVersionDate "2011.11.24"]
[SourceQuality "1"]

1. d4 Nf6 2. c4 e6 3. Nf3 d5 4. g3 Be7 5. Bg2 0-0 6. b3 Nbd7 7. 0-0 c5 8. cxd5 exd5 9. Nc3 b6 10. Bf4 Bb7 11. Rc1 cxd4 12. Nxd4 Ba3 13. Rc2 a6 14. Nf5 Re8 15. Nxd5 Nxd5 16. Bxd5 Bxd5 17. Qxd5 Nf6 18. Qf3 Qd7 19. g4 Rad8 20. h3 Qb5 21. Bg5 Qe5 22. Nh6+ Kf8 23. Bxf6 gxf6 24. Nf5 Bc5 25. e3 Rd5 26. Rc4 a5 27. Rd1 Red8 28. Rcc1 h5 29. Rxd5 Qxd5 30. Qxd5 Rxd5 31. Rc2 hxg4 32. hxg4 Ke8 33. Kg2 Kd7 34. Kf3 Rd1 35. Ke4 Ke6 36. f3 Kd7 37. Rh2 Ke6 38. Rh6 Bf8 39. Rh2 Bc5 40. Rc2 Kd7 41. Rg2 Ke6 42. Rh2 Kd7 43. Rh6 Be7 44. Nxe7 Kxe7 45. Rh5 Rd6 46. Rb5 Ke6 47. f4 Ke7 48. Kf5 Kd7 49. e4 Ke7 50. e5 fxe5 51. Rxe5+ Kd7 52. g5 Rd2 53. Kf6 Rxa2 54. Kxf7 Rb2 55. g6 Rxb3 56. g7 1-0

[Event "Frankfurt-ch"]
[Site "Frankfurt"]
[Date "2011.05.16"]
[Round "3"]
[White "Heidel, Andre Nicolas"]
[Black "Legde, Georg"]
[Result "0-1"]
[WhiteElo "2170"]
[BlackElo "2326"]
[PlyCount "74"]
[EventDate "2011.05.02"]
[EventType "swiss"]
[EventRounds "7"]
[EventCountry "GER"]
[SourceTitle "EXT 2012"]
[Source "ChessBase"]
[SourceDate "2011.11.24"]
[SourceVersion "1"]
[SourceVersionDate "2011.11.24"]
[SourceQuality "1"]

1. d4 Nf6 2. c4 c5 3. d5 g6 4. Nc3 Bg7 5. e4 0-0 6. e5 Ne8 7. f4 d6 8. Qe2 e6 9. Nf3 exd5 10. cxd5 Bg4 11. Be3 Nd7 12. 0-0-0 dxe5 13. fxe5 Nxe5 14. Bf4 Bxf3 15. gxf3 Qf6 16. Be3 Nd6 17. Bxc5 Rac8 18. Bxd6 Qxd6 19. Kb1 Nc4 20. Rd3 Qb6 21. Ne4 Bxb2 22. Rb3 Qd4 23. Bh3 Na3+ 24. Rxa3 Bxa3 25. Bxc8 Rxc8 26. Rd1 Qb6+ 27. Ka1 Bf8 28. a4 Bg7+ 29. Ka2 Rc4 30. Nc3 Bxc3 31. Qe8+ Kg7 32. Rb1 Qa5 33. d6 Rxa4+ 34. Kb3 Qb4+ 35. Kc2 Ra2+ 36. Kc1 Qf4+ 37. Kd1 Qd2# 0-1

[Event "Frankfurt-ch"]
[Site "Frankfurt"]
[Date "2010.06.07"]
[Round "6"]
[White "Uwira, Oliver"]
[Black "Heidel, Andre Nicolas"]
[Result "1/2-1/2"]
[WhiteElo "2230"]
[BlackElo "2152"]
[PlyCount "88"]
[EventDate "2010.04.26"]
[EventType "swiss"]
[EventRounds "7"]
[EventCountry "GER"]
[SourceTitle "EXT 2011"]
[Source "ChessBase"]
[SourceDate "2010.11.26"]
[SourceVersion "1"]
[SourceVersionDate "2010.11.26"]
[SourceQuality "1"]

1. d4 d5 2. c4 c6 3. Nf3 Nf6 4. e3 Bf5 5. Qb3 Qb6 6. Nc3 dxc4 7. Bxc4 e6 8. Ne5 Nbd7 9. Nxd7 Nxd7 10. e4 Qxb3 11. Bxb3 Bg6 12. Be3 Bb4 13. f3 Ke7 14. 0-0 Rhd8 15. Rac1 Rac8 16. a3 Ba5 17. Rfd1 f6 18. d5 exd5 19. Bxa7 dxe4 20. Nxe4 Bxe4 21. fxe4 b6 22. Ba4 b5 23. Bb3 c5 24. Bd5 Rc7 25. Bxc5+ Rxc5 26. Rxc5 Nxc5 27. b4 Bb6 28. bxc5 Bxc5+ 29. Kf1 Bxa3 30. Bb3 Rxd1+ 31. Bxd1 Kd6 32. Ke2 Kc5 33. Kd3 Bb2 34. Bb3 Kb4 35. Bf7 Be5 36. h3 Kc5 37. Bg8 h5 38. Bf7 Bf4 39. Kc2 Kd4 40. Bxh5 Kxe4 41. Kb3 Bd6 42. Bf3+ Kf4 43. Ba8 Kg3 44. Bb7 g5 1/2-1/2

[Event "Duesseldorf Nord Cup 9th GrA"]
[Site "Duesseldorf"]
[Date "2009.08.16"]
[Round "4.3"]
[White "Heidel, Andre Nicolas"]
[Black "Liedtke, Dirk"]
[Result "1/2-1/2"]
[WhiteElo "2132"]
[BlackElo "2193"]
[PlyCount "76"]
[EventDate "2009.08.14"]
[EventType "tourn"]
[EventRounds "5"]
[EventCountry "GER"]
[SourceTitle "EXT 2017"]
[Source "ChessBase"]
[SourceDate "2016.10.25"]
[SourceVersion "1"]
[SourceVersionDate "2016.10.25"]
[SourceQuality "1"]

1. d4 Nf6 2. c4 g6 3. Nf3 Bg7 4. g3 d5 5. cxd5 Nxd5 6. Bg2 0-0 7. 0-0 Nb6 8. Nc3 Nc6 9. d5 Nb4 10. e4 e6 11. a3 Na6 12. Bg5 Qd7 13. Nd2 exd5 14. exd5 Qg4 15. Nde4 Qxd1 16. Raxd1 f5 17. Nd2 Bd7 18. d6 Bc6 19. Bxc6 bxc6 20. Nf3 cxd6 21. Rxd6 Rac8 22. Rc1 Nc5 23. b4 Ne4 24. Nxe4 fxe4 25. Nd2 Bb2 26. Rcxc6 Bxa3 27. Rxc8 Rxc8 28. Rd4 Bb2 29. Rxe4 Nd5 30. Rc4 Rb8 31. Ne4 Rxb4 32. Rc8+ Kf7 33. Nd6+ Ke6 34. Nc4 Bd4 35. Kg2 Nb6 36. Re8+ Kf5 37. Nxb6 axb6 38. Be3 Bxe3 1/2-1/2

[Event "Duesseldorf Nord Cup 9th GrA"]
[Site "Duesseldorf"]
[Date "2009.08.15"]
[Round "3.1"]
[White "Heidel, Andre Nicolas"]
[Black "Vasiljevs, Jurijs"]
[Result "1-0"]
[WhiteElo "2132"]
[BlackElo "2070"]
[PlyCount "99"]
[EventDate "2009.08.14"]
[EventType "tourn"]
[EventRounds "5"]
[EventCountry "GER"]
[SourceTitle "EXT 2017"]
[Source "ChessBase"]
[SourceDate "2016.10.25"]
[SourceVersion "1"]
[SourceVersionDate "2016.10.25"]
[SourceQuality "1"]

1. d4 Nf6 2. Nf3 d5 3. c4 c6 4. e3 e6 5. Nbd2 Bd6 6. b3 Nbd7 7. Bb2 0-0 8. Bd3 Re8 9. Ne5 Nf8 10. 0-0 N6d7 11. f4 f6 12. Nxd7 Bxd7 13. e4 dxe4 14. Nxe4 Bc7 15. Kh1 Ng6 16. Qd2 e5 17. fxe5 fxe5 18. d5 cxd5 19. cxd5 Nf4 20. d6 Bb6 21. Rxf4 exf4 22. Qc3 Re7 23. dxe7 Qxe7 24. Qe5 Qxe5 25. Bxe5 Be3 26. Ng5 h6 27. Bc4+ Kf8 28. Ne6+ Bxe6 29. Bxe6 Rd8 30. Rf1 Ke7 31. Bc4 g5 32. g3 b5 33. Be2 Rd2 34. Bg4 fxg3 35. Bxg3 Kd8 36. Rd1 Rxd1+ 37. Bxd1 Ke7 38. Kg2 Kf6 39. Kf3 Bd4 40. Kg4 Bc5 41. Kh5 Bf8 42. Bc2 a6 43. Be1 Bd6 44. Bc3+ Ke6 45. h3 Bf8 46. Be4 b4 47. Bd4 a5 48. Kg6 Kd6 49. Bf3 Ke6 50. Bc6 1-0

[Event "Dortmund op"]
[Site "Dortmund"]
[Date "2009.07.09"]
[Round "6"]
[White "Heidel, Andre Nicolas"]
[Black "Virnyi, Julius"]
[Result "1/2-1/2"]
[WhiteElo "2132"]
[BlackElo "2084"]
[PlyCount "86"]
[EventDate "2009.07.04"]
[EventType "swiss"]
[EventRounds "9"]
[EventCountry "GER"]
[SourceTitle "CBM 131 Extra"]
[Source "ChessBase"]
[SourceDate "2009.09.03"]
[SourceVersion "2"]
[SourceVersionDate "2009.09.16"]
[SourceQuality "1"]

1. d4 Nf6 2. Nf3 d6 3. Nc3 Nbd7 4. e4 e5 5. Bc4 Be7 6. 0-0 0-0 7. a4 c6 8. Re1 Re8 9. Ng5 Rf8 10. a5 exd4 11. Qxd4 Ne5 12. Bb3 h6 13. Nf3 Nxf3+ 14. gxf3 Be6 15. Kh1 Bxb3 16. cxb3 Qd7 17. Rg1 Qh3 18. Rg2 Kh7 19. Qd3 Kh8 20. Rg3 Qe6 21. Ne2 c5 22. Bd2 Rad8 23. Nf4 Qe5 24. Rag1 Rg8 25. Nd5 Nxd5 26. exd5 Bf6 27. Bc3 Qh5 28. Bxf6 gxf6 29. Qe4 Rxg3 30. Rxg3 Rg8 31. Kg2 Rxg3+ 32. hxg3 Kg7 33. Qc4 Qe5 34. Qg4+ Qg5 35. Qe4 Qd2 36. Qg4+ Qg5 37. Qc4 Qe5 38. Qd3 Qxb2 39. Qb5 Qc3 40. Qxb7 Qxa5 41. Qd7 Qb6 42. Qg4+ Kh7 43. Qa4 Kg7 1/2-1/2

[Event "Dortmund op"]
[Site "Dortmund"]
[Date "2009.07.04"]
[Round "1"]
[White "Spyrou, Emanuel"]
[Black "Heidel, Andre Nicolas"]
[Result "0-1"]
[WhiteElo "2246"]
[BlackElo "2132"]
[PlyCount "94"]
[EventDate "2009.07.04"]
[EventType "swiss"]
[EventRounds "9"]
[EventCountry "GER"]
[SourceTitle "CBM 131 Extra"]
[Source "ChessBase"]
[SourceDate "2009.09.03"]
[SourceVersion "2"]
[SourceVersionDate "2009.09.16"]
[SourceQuality "1"]

1. d4 d5 2. c4 c6 3. Nf3 Nf6 4. Nc3 dxc4 5. a4 Bf5 6. e3 e6 7. Bxc4 Bb4 8. 0-0 0-0 9. Nh4 Nbd7 10. f3 Bg6 11. Nxg6 hxg6 12. Qb3 a5 13. Na2 Be7 14. e4 e5 15. dxe5 Nxe5 16. Be3 Nxc4 17. Qxc4 Qc7 18. g3 Rfe8 19. Kg2 Rad8 20. Rad1 Rxd1 21. Rxd1 Rd8 22. Nc3 Rxd1 23. Nxd1 Qd7 24. Nf2 b5 25. Qc2 Qb7 26. Qb3 Nd7 27. Nd3 Qa6 28. axb5 Qxb5 29. Qxb5 cxb5 30. Kf2 a4 31. Ke2 Kf8 32. Kd2 Ke8 33. Bd4 Bf8 34. Kc3 Kd8 35. h4 Kc7 36. g4 Kc6 37. f4 f6 38. h5 gxh5 39. gxh5 Nc5 40. Nxc5 Bxc5 41. Bxc5 Kxc5 42. e5 b4+ 43. Kc2 fxe5 44. f5 Kd6 45. f6 Ke6 46. fxg7 Kf7 47. h6 e4 0-1

[Event "Duisburg Grossenbaum op"]
[Site "Duisburg"]
[Date "2006.06.04"]
[Round "4"]
[White "Heidel, Andre Nicolas"]
[Black "Naused, Hermann"]
[Result "1-0"]
[WhiteElo "2130"]
[BlackElo "1929"]
[PlyCount "69"]
[EventDate "2006.06.02"]
[EventType "swiss"]
[EventRounds "7"]
[EventCountry "GER"]
[SourceTitle "EXT 2007"]
[Source "ChessBase"]
[SourceDate "2006.11.23"]
[SourceVersion "1"]
[SourceVersionDate "2006.11.23"]
[SourceQuality "1"]

1. d4 e6 2. c4 d5 3. Nc3 c6 4. g3 Bd6 5. Bg2 Nd7 6. e4 dxc4 7. e5 Bb4 8. Qg4 Bf8 9. Nge2 Ne7 10. 0-0 Ng6 11. f4 Nb6 12. Be4 Be7 13. h4 Bxh4 14. gxh4 Qxh4 15. Qg2 Nd5 16. f5 exf5 17. Nxd5 cxd5 18. Bxd5 0-0 19. Bg5 Qg4 20. Qxg4 fxg4 21. Bxc4 h6 22. Bf4 Nh4 23. Bd5 Be6 24. Be4 g5 25. d5 Nf3+ 26. Kh1 gxf4 27. dxe6 Nd2 28. exf7+ Kxf7 29. Bd5+ Kg7 30. Rxf4 Kg6 31. Rxg4+ Kf5 32. Rd4 Kxe5 33. Rxd2 Rad8 34. Nc3 Rf5 35. Re2+ 1-0